000 00748nam a2200253Ia 4500
003 OSt
005 20220925201852.0
006 a|||||r|||| 00| 0
007 ta
008 220923b |||||||| |||| 00| 0 eng d
037 _cGeneral Book
040 _aRTL
_cRTL
_beng
041 _2eng
_aeng
082 _aV237,6:91.N7, L3
100 _aBhamdhri C P
_9262736
245 0 _aUrban voetr
_b Municipal elections in Rajasthan an empirical study.
260 _aDelhi
_bNational
_c1973
300 _avi, 222p.
_ccm.
500 _aAppendix: p.191-213
650 _aHistory of Rajasthan
700 _a Verma P S
_9104675
942 _hV237,6:91.N7, L3
_cGB
_2CC
999 _c541540
_d541540